Statistics for Norwegian,Danish or Swedish?

Click here to take the quiz!

General Stats

  • This quiz has been taken 1,526 times
  • The average score is 15 of 15

Answer Stats

HintAnswer% Correct
Jag älskar dig!Swedish
100%
Jag elsker dig!Danish
99%
Mange tak!Danish
99%
Held og Lykke!Danish
99%
Jeg elsker deg!Norwegian
99%
Tusen takk!Norwegian
99%
Tack så mycket!Swedish
99%
Lycka till!Swedish
99%
undskyld!Danish
98%
På Gensyn!Danish
98%
Lykke til!Norwegian
98%
Beklager!Norwegian
98%
Ser deg senere!Norwegian
98%
Förlåt!Swedish
98%
Vi ses senare!Swedish
98%

Score Distribution

Percentile by Number Answered

Percent of People with Each Score

Your Score History

You have not taken this quiz